[Event "ICS rated blitz match"]
[Site "204.178.125.65"]
[Date "2000.10.04"]
[Round "?"]
[White "Blacchrist"]
[Black "Hossa"]
[Result "0-1"]
[WhiteElo "2114"]
[BlackElo "2543"]
[PlyCount "70"]
[EventDate "2000.??.??"]

1. e4 c5 2. Nf3 e6 3. d3 d5 4. Nbd2 Nc6 5. g3 Nf6 6. Bg2 Be7 7. O-O O-O 8. Re1
dxe4 9. dxe4 e5 10. c3 Bg4 11. h3 Be6 12. Qe2 Qc7 13. Ng5 Bc8 14. a4 Rd8 15.
Nc4 Bf8 16. Ne3 h6 17. Nf3 Nxe4 18. Nc4 f5 19. b4 cxb4 20. cxb4 Bxb4 21. Qa2
Be6 22. Rf1 Nd6 23. Nfxe5 Nxe5 24. Bf4 Qxc4 25. Bxe5 Qxa2 26. Rxa2 Bxa2 27. Ra1
Bc4 28. Bxd6 Rxd6 29. Bxb7 Rb8 30. Bf3 Bb3 31. Rb1 Bxa4 32. Kg2 a5 33. h4 Rd2
34. h5 Rxf2+ 35. Kxf2 Bc5+ {Blacchrist resigns} 0-1

[Event "ICS rated blitz match"]
[Site "204.178.125.65"]
[Date "2000.10.04"]
[Round "?"]
[White "IndianKing"]
[Black "Hossa"]
[Result "1-0"]
[WhiteElo "2333"]
[BlackElo "2545"]
[PlyCount "110"]
[EventDate "2000.??.??"]

1. d4 d5 2. Nf3 Nf6 3. Bf4 Bf5 4. e3 e6 5. c3 Nbd7 6. Nbd2 Be7 7. h3 c5 8. Be2
cxd4 9. exd4 h6 10. O-O g5 11. Bh2 Qb6 12. Qb3 Qxb3 13. axb3 g4 14. hxg4 Nxg4
15. Bg3 h5 16. Bh4 Bd6 17. Rfe1 Rg8 18. Nf1 Bc2 19. b4 Bf4 20. Ng3 Bg6 21. Bf1
a6 22. Ra5 Rb8 23. Rxd5 Ndf6 24. Ra5 Bc7 25. Raa1 Bc2 26. Ng5 Rd8 27. N5e4 Nxe4
28. Nxe4 Bxe4 29. Rxe4 Rb8 30. f3 Nh6 31. d5 Kd7 32. dxe6+ fxe6 33. Rd1+ Bd6
34. Bf6 Rbf8 35. Be5 Nf7 36. Bxd6 Nxd6 37. Red4 Rxf3 38. Rxd6+ Kc7 39. Rd7+ Kc8
40. Rd8+ Rxd8 41. Rxd8+ Kxd8 42. gxf3 Ke7 43. Bd3 Kf6 44. Be4 b6 45. c4 e5 46.
c5 bxc5 47. bxc5 a5 48. Kg2 a4 49. Kh3 Ke6 50. Kh4 Kf6 51. Kxh5 Kf7 52. Kg5 Ke6
53. Kg6 Kd7 54. Kf6 Kd8 55. Kxe5 Kd7 {Hossa resigns} 1-0

[Event "ICS rated standard match"]
[Site "204.178.125.65"]
[Date "2000.10.04"]
[Round "?"]
[White "Hossa"]
[Black "QueenMaxima"]
[Result "1-0"]
[WhiteElo "2471"]
[BlackElo "2280"]
[PlyCount "147"]
[EventDate "2000.??.??"]

1. e4 c5 2. Nf3 e6 3. d4 cxd4 4. Nxd4 Nc6 5. Nc3 Qc7 6. g3 d6 7. Ndb5 Qb8 8.
Bg2 a6 9. Nd4 Nf6 10. O-O Bd7 11. Bg5 Be7 12. Nf3 b5 13. a3 h6 14. Bf4 b4 15.
axb4 e5 16. Be3 Nxb4 17. Nh4 Ng4 18. Nf5 Nxe3 19. Nxe3 O-O 20. Ncd5 Nxd5 21.
Nxd5 Bg5 22. b3 Rc8 23. Re1 a5 24. Qe2 a4 25. Ra3 Ra5 26. c4 Rac5 27. Qd3 axb3
28. Rxb3 Qa7 29. Nb6 R8c6 30. Reb1 Be6 31. Rb4 Ra5 32. Nd5 Ra2 33. Qf1 Bc8 34.
R4b2 Rxb2 35. Rxb2 Ba6 36. Rb4 Qc5 37. Qd1 Rc8 38. Bf1 Ra8 39. Qb3 Bd8 40. Rb8
Qa7 41. Rxa8 Qxa8 42. Qb4 Qc6 43. Qb8 Qc8 44. Qxd6 f6 45. Bh3 Qxh3 46. Qxa6 Kf7
47. c5 Qg4 48. Qa7+ Kg6 49. Qa8 Qd1+ 50. Kg2 Qd4 51. f3 Qd2+ 52. Kh3 Qf2 53.
Qxd8 Qxf3 54. Ne7+ Kg5 55. Qd2+ Kh5 56. Qa2 Qg4+ 57. Kg2 Qxe4+ 58. Kf2 Qd4+ 59.
Kf1 Kg5 60. Qc2 e4 61. c6 f5 62. c7 Qa1+ 63. Kg2 Qa3 64. c8=Q Qf3+ 65. Kg1 Qe3+
66. Qf2 Qxf2+ 67. Kxf2 Kf6 68. Nxf5 h5 69. Qf8+ Ke5 70. Nxg7 h4 71. Qd8 h3 72.
Ke2 e3 73. Kd3 e2 74. Qd4# {QueenMaxima checkmated} 1-0

[Event "ICS rated blitz match"]
[Site "204.178.125.65"]
[Date "2000.10.04"]
[Round "?"]
[White "Hossa"]
[Black "Sartre"]
[Result "1-0"]
[WhiteElo "2520"]
[BlackElo "2183"]
[PlyCount "37"]
[EventDate "2000.??.??"]

1. d4 Nf6 2. Nf3 g6 3. Bf4 Bg7 4. e3 O-O 5. h3 d6 6. Nc3 c5 7. dxc5 dxc5 8.
Qxd8 Rxd8 9. Bd3 Nc6 10. O-O-O Bd7 11. Bc4 Na5 12. Be2 Nc6 13. g4 Be8 14. Bc4
a6 15. Rxd8 Rxd8 16. Bc7 Rd7 17. Bb6 Nb8 18. g5 Nh5 19. Ne4 {Sartre resigns}
1-0

[Event "ICS rated blitz match"]
[Site "204.178.125.65"]
[Date "2000.10.04"]
[Round "?"]
[White "Hossa"]
[Black "WitPaard"]
[Result "1-0"]
[WhiteElo "2524"]
[BlackElo "2250"]
[PlyCount "43"]
[EventDate "2000.??.??"]

1. e4 e5 2. Nf3 Nc6 3. Bc4 Nf6 4. Ng5 d5 5. exd5 Nd4 6. c3 b5 7. cxd4 bxc4 8.
dxe5 Qxd5 9. O-O Ng4 10. Nc3 Qd4 11. Qf3 Rb8 12. e6 Bxe6 13. Nxe6 fxe6 14. Ne2
Nxh2 15. Qh5+ g6 16. Nxd4 gxh5 17. Kxh2 Kd7 18. Re1 Bd6+ 19. Kg1 e5 20. Nf3
Rhe8 21. Re4 Rb5 22. Rxc4 {WitPaard resigns} 1-0

[Event "ICS rated blitz match"]
[Site "204.178.125.65"]
[Date "2000.10.04"]
[Round "?"]
[White "QueenMaxima"]
[Black "Hossa"]
[Result "1-0"]
[WhiteElo "2472"]
[BlackElo "2529"]
[PlyCount "183"]
[EventDate "2000.??.??"]

1. d4 d5 2. c4 e6 3. Nc3 Nf6 4. cxd5 exd5 5. Bg5 Be7 6. Nf3 c6 7. Qc2 Na6 8. e3
Nb4 9. Qd1 Bf5 10. Rc1 Qa5 11. Qb3 Qb6 12. Qd1 h6 13. Bxf6 Bxf6 14. a3 Na2 15.
Nxa2 Qxb2 16. Nc3 Qxa3 17. Be2 O-O 18. O-O b5 19. Nb1 Qd6 20. Bd3 Bd7 21. Nc3
Bg4 22. h3 Bh5 23. g4 Bg6 24. Bxg6 fxg6 25. e4 Qf4 26. exd5 b4 27. Na2 Be7 28.
Ne5 Bh4 29. Qe2 Qxd4 30. Nxc6 Qxd5 31. Naxb4 Qf7 32. Ne5 Rae8 33. Nbd3 Qd5 34.
Rc7 a5 35. Re1 Qb3 36. Kh2 Re6 37. Nc5 Rxf2+ 38. Qxf2 Bxf2 39. Rc8+ Kh7 40.
Nxb3 Bxe1 41. Nf7 g5 42. Nd4 Re4 43. Rd8 Kg6 44. Rd7 Rxd4 45. Nh8+ Kh7 46. Rxd4
Kxh8 47. Kg2 Kh7 48. Kf3 Bb4 49. Ke4 Kg6 50. Rc4 Kf7 51. Ke5 Be7 52. Kd5 g6 53.
Rc3 a4 54. Rf3+ Kg8 55. Ke6 Bf8 56. Rd3 a3 57. Rd8 Kg7 58. Ra8 h5 59. Ra7+ Kg8
60. Kf6 hxg4 61. hxg4 Bc5 62. Ra5 Bb4 63. Ra4 Bc5 64. Kxg6 Kf8 65. Ra5 Bb4 66.
Ra6 Ke7 67. Kxg5 Bc5 68. Kf4 Kd8 69. Ke5 Kc7 70. Kd5 Kb7 71. Rf6 Bb4 72. Kc4
Bd2 73. Rf1 Bg5 74. Kb3 Kc6 75. Kxa3 Be3 76. Rf5 Bd4 77. Kb4 Kd6 78. Kc4 Be5
79. g5 Ke6 80. Rf8 Bb2 81. g6 Bf6 82. Kd3 Bg7 83. Rf7 Be5 84. Ra7 Bg3 85. g7
Ke5 86. g8=Q Bh4 87. Qg7+ Bf6 88. Ra5+ Ke6 89. Ra6+ Kd5 90. Qf7+ Ke5 91. Qxf6+
Kd5 92. Ra5# {Hossa checkmated} 1-0

[Event "ICS rated standard match"]
[Site "204.178.125.65"]
[Date "2000.10.04"]
[Round "?"]
[White "QueenMaxima"]
[Black "Hossa"]
[Result "0-1"]
[WhiteElo "2272"]
[BlackElo "2490"]
[PlyCount "92"]
[EventDate "2000.??.??"]

1. d4 d5 2. c4 e6 3. Nc3 Nf6 4. cxd5 exd5 5. Bg5 c6 6. e3 Be7 7. Bd3 Nbd7 8.
Qc2 Nh5 9. Bxe7 Qxe7 10. O-O-O Nhf6 11. Nf3 Nb6 12. Rhe1 Be6 13. h3 O-O 14. Ng5
g6 15. Kb1 c5 16. dxc5 Qxc5 17. Nb5 Qb4 18. a3 Qe7 19. Qc7 Bd7 20. Qxb7 Nc4 21.
Nd4 Nxa3+ 22. Ka1 Nc4 23. Bxc4 dxc4 24. Nc6 Qe8 25. Rd6 Bxc6 26. Qxc6 Qe5 27.
Nf3 Qa5+ 28. Kb1 Rac8 29. Qb7 Rb8 30. Qa6 Qf5+ 31. Ka1 Ne4 32. Rd4 Rb5 33. b4
cxb3 34. Kb2 Qc5 35. Qxb5 Qxb5 36. Rxe4 Rc8 37. Re8+ Qxe8 38. Rc1 Rxc1 39. Kxc1
Qa4 40. e4 Qa1+ 41. Kd2 b2 42. e5 b1=Q 43. Ke3 Qc1+ 44. Kd3 Qa6+ 45. Ke4 Qac6+
46. Kd4 Q1c3# {QueenMaxima checkmated} 0-1

[Event "ICS rated blitz match"]
[Site "204.178.125.65"]
[Date "2000.10.04"]
[Round "?"]
[White "Hossa"]
[Black "DoctorZ"]
[Result "1-0"]
[WhiteElo "2510"]
[BlackElo "1976"]
[PlyCount "45"]
[EventDate "2000.??.??"]

1. e4 c5 2. c3 Nc6 3. Nf3 e6 4. Bb5 d5 5. exd5 exd5 6. d4 Bd6 7. dxc5 Bxc5 8.
O-O Nge7 9. Bg5 O-O 10. Re1 Bf5 11. Nd4 Bd7 12. Nb3 Bd6 13. Qh5 h6 14. Bxe7
Nxe7 15. Nd4 Bxb5 16. Nxb5 Bc5 17. b4 Bb6 18. Nd2 Qd7 19. Rad1 Rfe8 20. c4 dxc4
21. Nxc4 Qc6 22. Nxb6 axb6 23. Nd6 {DoctorZ resigns} 1-0

[Event "ICS rated blitz match"]
[Site "204.178.125.65"]
[Date "2000.10.04"]
[Round "?"]
[White "Hossa"]
[Black "Dorky"]
[Result "1-0"]
[WhiteElo "2516"]
[BlackElo "2484"]
[PlyCount "30"]
[EventDate "2000.??.??"]

1. d4 Nf6 2. c4 e6 3. Nc3 Bb4 4. a3 Bxc3+ 5. bxc3 O-O 6. e3 Ne4 7. Bb2 d5 8.
Bd3 Qh4 9. g3 Qg5 10. a4 dxc4 11. Bxe4 Qf5 12. Bxf5 exf5 13. Ba3 Re8 14. Qb1 a6
15. Nf3 Nd7 {Dorky resigns} 1-0

[Event "ICS rated blitz match"]
[Site "204.178.125.65"]
[Date "2000.10.04"]
[Round "?"]
[White "dama1405"]
[Black "Hossa"]
[Result "0-1"]
[WhiteElo "1944"]
[BlackElo "2531"]
[PlyCount "53"]
[EventDate "2000.??.??"]

1. e4 e5 2. Nc3 Nf6 3. g3 d5 4. exd5 Nxd5 5. Bg2 Nxc3 6. bxc3 Bd6 7. Nf3 c5 8.
O-O O-O 9. d3 Nc6 10. Nd2 Be6 11. Ne4 Be7 12. Be3 Qa5 13. Qd2 Rad8 14. f4 f5
15. Ng5 Bxg5 16. fxg5 Bd5 17. Bxd5+ Rxd5 18. Qg2 c4 19. Rad1 Rd7 20. dxc4 Rxd1
21. Rxd1 Qxa2 22. Qd5+ Kh8 23. Bc5 Rb8 24. h4 Ra8 25. h5 Qxc2 26. g6 Nd4 27.
Rd3 {dama1405 resigns} 0-1

[Event "ICS rated blitz match"]
[Site "204.178.125.65"]
[Date "2000.10.04"]
[Round "?"]
[White "Hossa"]
[Black "dama1405"]
[Result "1-0"]
[WhiteElo "2532"]
[BlackElo "1943"]
[PlyCount "71"]
[EventDate "2000.??.??"]

1. e4 g6 2. d4 Bg7 3. Nc3 c6 4. Nf3 d5 5. h3 Nh6 6. exd5 cxd5 7. Bf4 f6 8. Qe2
O-O 9. O-O-O Nf7 10. h4 Nc6 11. Qb5 e6 12. g4 Qb6 13. Qxb6 axb6 14. Bc7 e5 15.
Rg1 e4 16. Nh2 Be6 17. Bb5 Rfc8 18. Bxb6 Bh6+ 19. Kb1 Bf4 20. Nf1 Nd6 21. Be2
Kf7 22. Ne3 Bxe3 23. fxe3 f5 24. Bc5 Ne8 25. gxf5 gxf5 26. Bh5+ Kf6 27. Rd2 Ng7
28. Bd1 Rg8 29. Rf2 Ne7 30. Bd6 Ne8 31. Bxe7+ Kxe7 32. Rxg8 Bxg8 33. Rxf5 Nd6
34. Nxd5+ Ke6 35. Re5+ Kd7 36. Nb6+ {dama1405 resigns} 1-0

[Event "ICS rated standard match"]
[Site "204.178.125.65"]
[Date "2000.10.04"]
[Round "?"]
[White "Guitige"]
[Black "Hossa"]
[Result "1/2-1/2"]
[WhiteElo "2291"]
[BlackElo "2497"]
[PlyCount "148"]
[EventDate "2000.??.??"]

1. d4 d5 2. e3 Nf6 3. Bd3 c5 4. c3 Nbd7 5. f4 b6 6. Nf3 Bb7 7. O-O e6 8. Nbd2
Bd6 9. g3 a6 10. Qe2 Ne4 11. Ne5 Ndf6 12. Ng4 Nxg4 13. Qxg4 O-O 14. Qf3 f5 15.
Qe2 Qe8 16. Nxe4 fxe4 17. Bc2 Bc6 18. Qg2 Bb5 19. Re1 Qf7 20. Bd1 Bd3 21. Be2
Bxe2 22. Qxe2 Qf5 23. a3 cxd4 24. exd4 Qh3 25. Qg2 Qh5 26. Qe2 Qg6 27. Kh1 Ra7
28. Be3 Qf5 29. Rf1 Qh3 30. Rae1 b5 31. Qg2 Qf5 32. h4 Qg4 33. Kh2 Qg6 34. Qh3
Rf5 35. Rh1 Raf7 36. Re2 a5 37. Bd2 Rf8 38. Ree1 e5 39. dxe5 Bxe5 40. Rhf1 Bd6
41. Be3 Be7 42. Bd4 b4 43. axb4 axb4 44. Ra1 bxc3 45. bxc3 Rb8 46. Rfb1 Rxb1
47. Rxb1 Rf7 48. Rb8+ Rf8 49. Rxf8+ Kxf8 50. Qc8+ Kf7 51. Qd7 Qd6 52. Qf5+ Kg8
53. Qc8+ Qd8 54. Qe6+ Kh8 55. Kh3 Bf6 56. Kg2 Bxd4 57. cxd4 h6 58. h5 Qa8 59.
Kh3 Kh7 60. Qf5+ Kg8 61. Qe6+ Kh8 62. Kg4 Qd8 63. Kh3 Kh7 64. Qf5+ Kg8 65. Qe6+
Kf8 66. g4 Qa8 67. g5 Qa3+ 68. Kh4 hxg5+ 69. fxg5 Qa2 70. Qf5+ Ke7 71. Qe5+ Kf8
72. Qd6+ Ke8 73. Qe6+ Kf8 74. Qd6+ Ke8 {Game drawn by mutual agreement} 1/2-1/2

[Event "ICS rated blitz match"]
[Site "204.178.125.65"]
[Date "2000.10.04"]
[Round "?"]
[White "Hossa"]
[Black "Guitige"]
[Result "1-0"]
[WhiteElo "2534"]
[BlackElo "2400"]
[PlyCount "23"]
[EventDate "2000.??.??"]

1. e4 g6 2. d4 c6 3. Nf3 Bg7 4. Bd3 d5 5. e5 e6 6. O-O b6 7. Bg5 Qc7 8. c4 Bb7
9. cxd5 cxd5 10. Nc3 a6 11. Rc1 Qd7 12. Na4 {Guitige resigns} 1-0

[Event "ICS rated blitz match"]
[Site "204.178.125.65"]
[Date "2000.10.04"]
[Round "?"]
[White "Hossa"]
[Black "Guitige"]
[Result "1-0"]
[WhiteElo "2521"]
[BlackElo "2413"]
[PlyCount "57"]
[EventDate "2000.??.??"]

1. d4 f5 2. c4 Nf6 3. g3 e6 4. Bg2 d5 5. cxd5 exd5 6. Nf3 c6 7. Ne5 Bd6 8. O-O
O-O 9. Bf4 Kh8 10. Re1 Ne4 11. Nd2 Nxd2 12. Qxd2 Qe7 13. Nd3 Nd7 14. Bxd6 Qxd6
15. Qe3 Nf6 16. Red1 Be6 17. Nc5 Bc8 18. Qe5 Qxe5 19. dxe5 Nd7 20. Ne6 Rg8 21.
Nc7 Rb8 22. e6 Nf6 23. Bh3 g6 24. e7 Ne8 25. Nxd5 cxd5 26. Rxd5 Be6 27. Rd8 Ng7
28. Rad1 Re8 29. Rxb8 {Guitige resigns} 1-0

[Event "ICS rated blitz match"]
[Site "204.178.125.65"]
[Date "2000.10.04"]
[Round "?"]
[White "Guitige"]
[Black "Hossa"]
[Result "0-1"]
[WhiteElo "2402"]
[BlackElo "2532"]
[PlyCount "76"]
[EventDate "2000.??.??"]

1. d4 Nf6 2. e3 d5 3. Bd3 c5 4. c3 Nc6 5. f4 cxd4 6. exd4 Bg4 7. Nf3 Qd7 8. O-O
e6 9. Qe1 Qc7 10. Ne5 Bh5 11. Nd2 O-O-O 12. g3 Bd6 13. Qe3 Ne7 14. Be2 Nf5 15.
Qf2 Bxe2 16. Qxe2 h5 17. Kg2 h4 18. g4 Bxe5 19. fxe5 Nxg4 20. Nf3 Nxh2 21. Kxh2
Ng3 22. Qf2 Nxf1+ 23. Qxf1 f6 24. Qg2 h3 25. Qg4 Rde8 26. Qg3 Reg8 27. Bf4 g5
28. Be3 g4 29. Nd2 fxe5 30. dxe5 Kb8 31. Bd4 Qd7 32. Rf1 Qa4 33. a3 Qc2 34. Rf2
Qxb2 35. Nc4 Qc1 36. Nd6 Rg6 37. Re2 Qd1 38. Be3 Qxe2+ {Guitige resigns} 0-1

[Event "ICS rated standard match"]
[Site "204.178.125.65"]
[Date "2000.10.04"]
[Round "?"]
[White "nitmo"]
[Black "Hossa"]
[Result "0-1"]
[WhiteElo "2015"]
[BlackElo "2488"]
[PlyCount "48"]
[EventDate "2000.??.??"]

1. e4 g6 2. d4 c6 3. h4 d5 4. exd5 cxd5 5. h5 gxh5 6. Nc3 Nc6 7. Be2 Bg4 8. f3
Bf5 9. Rxh5 e6 10. a3 Bd6 11. Be3 Nf6 12. Rh1 Bg3+ 13. Bf2 Qc7 14. Bb5 a6 15.
Bxc6+ bxc6 16. Nge2 Bd6 17. Qd2 Nd7 18. g4 Bg6 19. O-O-O Nb6 20. Qh6 Rg8 21. f4
Qb7 22. Rhg1 Nc4 23. b3 Bxa3+ 24. Kb1 Qxb3+ {nitmo resigns} 0-1

[Event "ICS rated blitz match"]
[Site "204.178.125.65"]
[Date "2000.10.05"]
[Round "?"]
[White "dama1405"]
[Black "Hossa"]
[Result "0-1"]
[WhiteElo "1930"]
[BlackElo "2543"]
[PlyCount "50"]
[EventDate "2000.??.??"]

1. d4 d5 2. Nf3 Nf6 3. g3 e6 4. Bg2 c5 5. O-O cxd4 6. Nxd4 Nc6 7. b3 e5 8. Nxc6
bxc6 9. c4 Bc5 10. Bg5 Bd4 11. Nd2 Bxa1 12. Qxa1 e4 13. f3 h6 14. Be3 exf3 15.
exf3 O-O 16. f4 Re8 17. Bd4 Bf5 18. Be5 Bd3 19. Rd1 Ng4 20. Bxg7 f6 21. Nf3 Be2
22. Re1 Bxf3 23. Bxf3 Qb6+ 24. Kg2 Qf2+ 25. Kh3 Rxe1 {dama1405 resigns} 0-1

[Event "ICS rated blitz match"]
[Site "204.178.125.65"]
[Date "2000.10.05"]
[Round "?"]
[White "Hossa"]
[Black "dama1405"]
[Result "1-0"]
[WhiteElo "2544"]
[BlackElo "1929"]
[PlyCount "45"]
[EventDate "2000.??.??"]

1. d4 Nf6 2. c4 c5 3. d5 b5 4. cxb5 a6 5. bxa6 Bxa6 6. Nc3 g6 7. e4 Bg7 8. e5
Ng8 9. Bxa6 Nxa6 10. f4 d6 11. Nf3 Nh6 12. Qa4+ Qd7 13. Qxd7+ Kxd7 14. O-O Nf5
15. g4 Nd4 16. Nxd4 cxd4 17. Ne4 dxe5 18. Ng5 Nb4 19. Nxf7 Rhf8 20. fxe5 Nc2
21. e6+ Ke8 22. Bg5 Nxa1 23. d6 {dama1405 resigns} 1-0

[Event "ICS rated blitz match"]
[Site "204.178.125.65"]
[Date "2000.10.05"]
[Round "?"]
[White "dama1405"]
[Black "Hossa"]
[Result "0-1"]
[WhiteElo "1928"]
[BlackElo "2545"]
[PlyCount "54"]
[EventDate "2000.??.??"]

1. e4 g6 2. Nf3 Bg7 3. Be2 d6 4. O-O c5 5. c3 Nf6 6. d3 d5 7. e5 Nfd7 8. d4 Nc6
9. a3 O-O 10. b4 cxd4 11. cxd4 Nb6 12. Nbd2 a6 13. Nb3 Nc4 14. Bg5 h6 15. Bh4
Bf5 16. Nc5 b6 17. Nb3 Rc8 18. Rc1 b5 19. Bxc4 bxc4 20. Nc5 Qb6 21. h3 Qb5 22.
g4 Be4 23. Qe2 Bxf3 24. Qxf3 Nxd4 25. Qe3 Nc6 26. f4 Rfd8 27. e6 Bd4 {
dama1405 resigns} 0-1

[Event "ICS rated blitz match"]
[Site "204.178.125.65"]
[Date "2000.10.05"]
[Round "?"]
[White "Hossa"]
[Black "dama1405"]
[Result "1-0"]
[WhiteElo "2546"]
[BlackElo "1927"]
[PlyCount "89"]
[EventDate "2000.??.??"]

1. d4 Nf6 2. c4 c5 3. d5 b5 4. cxb5 a6 5. bxa6 Bxa6 6. Nc3 g6 7. e4 d6 8. Bxa6
Nxa6 9. Nf3 Bg7 10. O-O O-O 11. Bf4 Nd7 12. Qe2 Qb6 13. Ng5 Rab8 14. Bc1 h6 15.
Nf3 Kh7 16. Nd2 Ne5 17. a4 c4 18. Nxc4 Nxc4 19. Qxc4 Rfc8 20. Qe2 Nc5 21. Qf3
Kg8 22. Qh3 g5 23. Qh5 Nb3 24. Be3 Nc5 25. Nd1 Qb3 26. Bxc5 Rxc5 27. f4 gxf4
28. Rxf4 Rf8 29. Qh4 Qd3 30. Qxe7 Qd4+ 31. Kh1 Rc2 32. Qh4 Qd2 33. Qg3 Kh7 34.
Ne3 Rxb2 35. Nc4 Qxg2+ 36. Qxg2 Rxg2 37. Kxg2 Bxa1 38. Nxd6 f6 39. Rf2 Be5 40.
Nf5 Ra8 41. Ra2 Ra5 42. d6 Kg8 43. d7 Ra8 44. Rc2 Kf7 45. Rc8 {dama1405 resigns
} 1-0

[Event "ICS rated blitz match"]
[Site "204.178.125.65"]
[Date "2000.10.05"]
[Round "?"]
[White "Hossa"]
[Black "dama1405"]
[Result "1-0"]
[WhiteElo "2548"]
[BlackElo "1925"]
[PlyCount "43"]
[EventDate "2000.??.??"]

1. e4 c5 2. Nf3 a6 3. c4 Nc6 4. d4 g6 5. d5 Nb8 6. Qa4 Bg7 7. Bd3 Nf6 8. e5 Ng4
9. Bf4 O-O 10. h3 Nh6 11. Nc3 d6 12. exd6 exd6 13. O-O Nf5 14. Rfe1 b5 15. cxb5
Nd4 16. Nxd4 Bxd4 17. Qc2 Qf6 18. Bh6 Rd8 19. Ne4 Qh8 20. Nxd6 Bxb2 21. Rab1
Bd4 22. Qe2 {dama1405 resigns} 1-0

[Event "ICS rated blitz match"]
[Site "204.178.125.65"]
[Date "2000.10.05"]
[Round "?"]
[White "Motoman"]
[Black "Hossa"]
[Result "0-1"]
[WhiteElo "2011"]
[BlackElo "2549"]
[PlyCount "58"]
[EventDate "2000.??.??"]

1. e4 e5 2. Nf3 Nc6 3. d4 exd4 4. Nxd4 Nf6 5. Nxc6 bxc6 6. e5 Qe7 7. Qe2 Nd5 8.
c4 Ba6 9. b3 g6 10. f4 f6 11. exf6 Nxf6 12. Bb2 Kf7 13. Qxe7+ Bxe7 14. Nd2 Rhf8
15. Be2 Rae8 16. O-O-O Bd6 17. Bd3 Bxf4 18. Rhf1 Be5 19. Ne4 Kg7 20. Nxf6 Rxf6
21. Rxf6 Bxf6 22. Bxf6+ Kxf6 23. Kd2 Bb7 24. c5 Re5 25. b4 d6 26. cxd6 cxd6 27.
Kc3 c5 28. bxc5 Rxc5+ 29. Kd4 Bxg2 {Motoman resigns} 0-1

[Event "ICS rated blitz match"]
[Site "204.178.125.65"]
[Date "2000.10.05"]
[Round "?"]
[White "Hossa"]
[Black "Motoman"]
[Result "1-0"]
[WhiteElo "2550"]
[BlackElo "2010"]
[PlyCount "27"]
[EventDate "2000.??.??"]

1. e4 Nf6 2. e5 Nd5 3. d4 c5 4. dxc5 e6 5. c4 Nb4 6. Nc3 Bxc5 7. Ne4 Be7 8. Nf3
O-O 9. Nd6 Bxd6 10. exd6 b6 11. a3 N4a6 12. b4 Bb7 13. Bb2 f6 14. Be2 {
Motoman resigns} 1-0

[Event "ICS rated blitz match"]
[Site "204.178.125.65"]
[Date "2000.10.05"]
[Round "?"]
[White "Motoman"]
[Black "Hossa"]
[Result "0-1"]
[WhiteElo "2009"]
[BlackElo "2551"]
[PlyCount "38"]
[EventDate "2000.??.??"]

1. e4 e5 2. Nf3 Nc6 3. d4 exd4 4. Nxd4 Nf6 5. Nxc6 bxc6 6. e5 Qe7 7. Qe2 Nd5 8.
c4 Ba6 9. b3 g5 10. g3 Bg7 11. Bb2 O-O 12. Nd2 d6 13. Bg2 Rfe8 14. O-O Rad8 15.
Rfe1 dxe5 16. Qh5 Nb4 17. Ne4 Nc2 18. Nxg5 h6 19. Bxc6 Qxg5 {Motoman resigns}
0-1

[Event "ICS rated blitz match"]
[Site "204.178.125.65"]
[Date "2000.10.05"]
[Round "?"]
[White "Dorky"]
[Black "Hossa"]
[Result "0-1"]
[WhiteElo "2469"]
[BlackElo "2553"]
[PlyCount "85"]
[EventDate "2000.??.??"]

1. d4 d5 2. Nf3 Nf6 3. c4 c6 4. Nc3 dxc4 5. a4 Bg4 6. e3 e5 7. dxe5 Qxd1+ 8.
Nxd1 Nfd7 9. Bxc4 Bxf3 10. gxf3 Nxe5 11. Be2 Bb4+ 12. Nc3 Nbd7 13. O-O Nc5 14.
Na2 Nb3 15. Rb1 Be7 16. f4 Nd7 17. Bc4 Ndc5 18. Nc3 Rd8 19. Kh1 Bf6 20. e4 Nxc1
21. Rfxc1 Bxc3 22. bxc3 Rd2 23. f3 b6 24. Rd1 Rxd1+ 25. Rxd1 Nxa4 26. Rd6 Nxc3
27. Rd3 Nb5 28. Bxb5 cxb5 29. Ra3 a5 30. Rc3 Kd7 31. Rd3+ Kc6 32. Rd1 b4 33.
Kg2 b3 34. h4 a4 35. Rb1 Kb5 36. Kf2 Kb4 37. Rg1 b2 38. f5 a3 39. Rb1 Kb3 40.
Ke3 a2 41. Rxb2+ Kxb2 42. Kf4 a1=Q 43. h5 {Dorky resigns} 0-1

[Event "ICS rated blitz match"]
[Site "204.178.125.65"]
[Date "2000.10.05"]
[Round "?"]
[White "Hossa"]
[Black "dama1405"]
[Result "1-0"]
[WhiteElo "2565"]
[BlackElo "1922"]
[PlyCount "35"]
[EventDate "2000.??.??"]

1. e4 c5 2. Nf3 d6 3. d4 cxd4 4. Nxd4 Nf6 5. Nc3 g6 6. Be3 Bg7 7. f3 O-O 8. Qd2
Nc6 9. Bc4 Bd7 10. O-O-O Rc8 11. Bb3 Ne5 12. h4 Nc4 13. Bxc4 Rxc4 14. h5 Nxh5
15. g4 Nf6 16. Bh6 Bxh6 17. Qxh6 Qa5 18. Nd5 {dama1405 resigns} 1-0

[Event "ICS rated blitz match"]
[Site "204.178.125.65"]
[Date "2000.10.05"]
[Round "?"]
[White "dama1405"]
[Black "Hossa"]
[Result "0-1"]
[WhiteElo "1921"]
[BlackElo "2566"]
[PlyCount "54"]
[EventDate "2000.??.??"]

1. d4 Nf6 2. Nf3 c5 3. d5 g6 4. Nc3 Bg7 5. e4 O-O 6. Be2 d6 7. O-O Nbd7 8. h3
Nb6 9. a4 a5 10. Bf4 Nh5 11. Bg5 Bd7 12. Qd2 f5 13. Bh6 fxe4 14. Nxe4 Bxa4 15.
Bxg7 Nxg7 16. Neg5 Bd7 17. c4 e6 18. dxe6 Bxe6 19. Nxe6 Nxe6 20. Rxa5 Rxa5 21.
Qxa5 Nf4 22. Bd1 Nxc4 23. Qb5 Nb6 24. Bb3+ d5 25. Qxc5 Nxh3+ 26. Kh2 Rxf3 27.
gxf3 Nf4 {dama1405 resigns} 0-1

[Event "ICS rated blitz match"]
[Site "204.178.125.65"]
[Date "2000.10.05"]
[Round "?"]
[White "dama1405"]
[Black "Hossa"]
[Result "1/2-1/2"]
[WhiteElo "1919"]
[BlackElo "2568"]
[PlyCount "142"]
[EventDate "2000.??.??"]

1. d4 d5 2. c4 e6 3. Nc3 Nf6 4. cxd5 exd5 5. Bg5 Be7 6. Nf3 c6 7. Qc2 Na6 8. a3
Nc7 9. e3 Ne6 10. Bh4 O-O 11. Bd3 g6 12. O-O Bd6 13. Bg3 Bxg3 14. hxg3 Nc7 15.
b4 Qe7 16. Ne5 Ng4 17. Nxg4 Bxg4 18. Rae1 Qg5 19. f3 Bd7 20. Qf2 f5 21. a4 Rab8
22. b5 Rfe8 23. f4 Qh5 24. Qf3 Qxf3 25. gxf3 cxb5 26. axb5 Kg7 27. Kf2 Re6 28.
Ra1 a6 29. bxa6 bxa6 30. Rfb1 Rxb1 31. Rxb1 Bc6 32. Ra1 Re8 33. Ra5 Kf6 34. Rc5
Re6 35. g4 h5 36. gxf5 gxf5 37. Ne2 Bb5 38. Bxf5 Rc6 39. Rxc6+ Bxc6 40. Bc2 a5
41. e4 a4 42. e5+ Ke7 43. Nc3 a3 44. Bb3 Ke6 45. Kg3 Nb5 46. Nxb5 Bxb5 47. f5+
Kxf5 48. Bxd5 Bd3 49. Kh4 Bb1 50. Kxh5 a2 51. Bxa2 Bxa2 52. Kh6 Be6 53. Kg7 Bd5
54. Kf8 Kf4 55. Ke7 Kg5 56. Kd6 Bb3 57. e6 Kf6 58. d5 Bc2 59. f4 Bd3 60. Kd7
Bf5 61. Kd6 Bc2 62. Kc5 Be4 63. Kd4 Bg6 64. Kc5 Bb1 65. Kd6 Bf5 66. Kd7 Bg4 67.
Ke8 Bf3 68. e7 Bxd5 69. Kf8 Bc6 70. e8=Q Bxe8 71. Kxe8 Kg6 {
dama1405 ran out of time and Hossa has no material to mate} 1/2-1/2

[Event "ICS rated blitz match"]
[Site "204.178.125.65"]
[Date "2000.10.05"]
[Round "?"]
[White "Hossa"]
[Black "adek"]
[Result "1-0"]
[WhiteElo "2553"]
[BlackElo "2280"]
[PlyCount "49"]
[EventDate "2000.??.??"]

1. c4 e5 2. e3 c6 3. Nc3 Nf6 4. Nf3 d6 5. Be2 Nbd7 6. d4 g6 7. O-O Bg7 8. dxe5
dxe5 9. Qd6 Qe7 10. Qxe7+ Kxe7 11. Rd1 a5 12. b3 Re8 13. Ba3+ Kd8 14. Ng5 Bf8
15. Nxf7+ Kc7 16. Bb2 Bc5 17. Na4 Ba7 18. Ba3 c5 19. Nd6 Re6 20. Nb5+ Kd8 21.
Nxa7 Rxa7 22. Nxc5 Rc6 23. Bf3 Rb6 24. Nxd7 Nxd7 25. Bc5 {adek resigns} 1-0